Colori della Metropolitana di Milano - Statistics

Statistiche generali
  • Questo quiz è stato fatto 311 volte
  • Il punteggio medio è 5 su 5
Statistiche sulle risposte
Linea Colore % Corretto
M4 Blu
98%
M2 Verde
98%
M1 Rossa
97%
M3 Gialla
93%
M5 Lilla
80%
Nessun quiz corrispondente trovato
Distribuzione punteggi
Percentuale di utenti per punteggio
Percentile per numero di risposta
I tuoi punteggi nel tempo
Non hai fatto questo quiz